| 000 | 01254nam a22002417a 4500 | ||
|---|---|---|---|
| 999 |
_c11508 _d11508 |
||
| 003 | AR-CdUCM | ||
| 008 | 190404b ||||| |||| 00| 0 spa d | ||
| 040 |
_aMUNICIPALIDAD PROVINCIAL DEL CUSCO _cBIBLIOTECA MUNICIPAL DEL CUSCO |
||
| 082 |
_a985.61 / _bH59 / 1962 |
||
| 110 |
_aCorporación de Reconstrucción y Fomento del Cuzco. _928924 |
||
| 245 |
_aHistoria Cronológica de la Central Hidroeléctrica de Machupijchu : _b1957 - 1962 / |
||
| 260 |
_aCusco : _bH. G. Rozas, _c1962. |
||
| 300 |
_a113 páginas ; _bfotografías, planos, _c24 cm. |
||
| 500 | _aCorporación de reconstrucción y fomento del Cuzco. | ||
| 505 | _aContenido: Historia Cronológica de la Central Hidroeléctrica de Machupijchu -- Historia Cronológica de la Central Hidroeléctrica de Machupijchu 1958 -- Historia Cronológica de la Central Hidroeléctrica de Machupijchu 1959 -- Historia Cronológica de la Central Hidroeléctrica de Machupijchu 1960 --Historia Cronológica de la Central Hidroeléctrica de Machupijchu 1961 ... | ||
| 650 |
_aHistoria del Cusco _91714 |
||
| 650 |
_aMachupicchu _91751 |
||
| 650 |
_aHidroeléctrica _928925 |
||
| 650 |
_aPerú _935 |
||
| 700 |
_aAragón Lobatón, Gerardo (jefe de prensa) _928926 |
||
| 942 |
_2ddc _cLIBROS |
||
| 945 | _aachl | ||